LEADER 01199nam2-2200397---450 001 990009694120403321 005 20220530124705.0 010 $a978-88-901478-7-6 035 $a000969412 100 $a20130314d2012----km-y0itay50------ba 101 0 $aita 102 $aIT 105 $aa---ac--001yy 200 1 $a<<8.: >>Chiaia$fItalo Ferraro 210 $aNapoli$cEdizioni Oikos$d2012 215 $aLXXIX, 575 p.$cin gran parte ill.$d31 cm 461 0$1001000740694$12001$aNapoli : atlante della città storica$v8 610 0 $aNapoli$aRioni e quartieri$aChiaia 676 $a914.573 676 $a720.945731 700 1$aFerraro,$bItalo$f<1941- >$010739 801 0$aIT$bUNINA$gRICA$2UNIMARC 901 $aBK 912 $a990009694120403321 952 $aXXX Cod. 1038 (8)$b52181$fFSPBC 952 $aSEZ.NA C 801/8$b10 bis$fFARBC 952 $aSEZ.NA C 802/8$b009/2015$fFARBC 952 $aSEZ.NA C 802/12$b108/2016$fFARBC 952 $a03.1462$b242/2016$fDARST 952 $a720.9457 ACS 1 (4)$bbibl 2018$fFLFBC 952 $a720.9457 ACS 1 (4) BIS$bbibl 2019$fFLFBC 959 $aFARBC 959 $aFSPBC 959 $aFLFBC 996 $aChiaia$9843383 997 $aUNINA LEADER 00904nam a2200253 i 4500 001 991001074289707536 008 110223s2011 enk b 00 0 eng d 020 $a9780199600564 035 $ab13956498-39ule_inst 040 $aDip.to Studi Giuridici$bita 082 0 $a349.5694 100 1 $aMautner, Menachem$0474396 245 10$aLaw and the Culture of Israel /$cMenachem Mautner 260 $aOxford :$bOxford UP,$c2011 300 $ax, 267 p. ;$c24 cm 504 $aInclude riferimenti bibliografici e indice 651 4$aIsraele$xCiviltà 651 4$aIsraele$xReligione 907 $a.b13956498$b02-04-14$c23-02-11 912 $a991001074289707536 945 $aLE027 349.56 MAU01.01$g1$i2027000245543$lle027$o-$pE55.00$q-$rl$s- $t0$u3$v1$w3$x0$y.i15248720$z05-04-11 996 $aLaw and the Culture of Israel$9252409 997 $aUNISALENTO 998 $ale027$b23-02-11$cm$da $e-$feng$g $h0$i0 LEADER 02171nam0 22004693i 450 001 VAN0274597 005 20240516111553.361 017 70$2N$a9783030670443 100 $a20240409d2021 |0itac50 ba 101 $aeng 102 $aCH 105 $a|||| ||||| 200 1 $aBig Data and Social Media Analytics$eTrending Applications$fMehmet Çak?rta?, Mehmet Kemal Ozdemir editors 210 $aCham$cSpringer$d2021 215 $avi, 245 p.$cill.$d24 cm 410 1$1001VAN0132864$12001 $aLecture Notes in Social Networks$1210 $aBerlin [etc.]$cSpringer 606 $a62-XX$xStatistics [MSC 2020]$3VANC022998$2MF 606 $a91-XX$xGame theory, economics, finance, and other social and behavioral sciences [MSC 2020]$3VANC025601$2MF 606 $a91D30$xSocial networks; opinion dynamics [MSC 2020]$3VANC031402$2MF 606 $a68T09$xComputational aspects of data analysis and big data [MSC 2020]$3VANC035916$2MF 606 $a68M25$xComputer security [MSC 2020]$3VANC036400$2MF 606 $a94A16$xInformational aspects of data analysis and big data [MSC 2020]$3VANC036865$2MF 610 $aBig data analysis$9KW:K 610 $aCyber influence$9KW:K 610 $aLink prediction$9KW:K 610 $aNetwork compression$9KW:K 610 $aProbabilistic data networks$9KW:K 610 $aRecommendation systems$9KW:K 610 $aSecurity and rescue$9KW:K 610 $aSocial media$9KW:K 620 $aCH$dCham$3VANL001889 702 1$aÇak?rta?$bMehmet$3VANV227028 702 1$aOzdemir$bMehmet Kemal$3VANV227029 712 $aSpringer $3VANV108073$4650 801 $aIT$bSOL$c20240614$gRICA 856 4 $uhttps://doi.org/10.1007/978-3-030-67044-3$zE-book ? Accesso al full-text attraverso riconoscimento IP di Ateneo, proxy e/o Shibboleth 899 $aBIBLIOTECA DEL DIPARTIMENTO DI MATEMATICA E FISICA$1IT-CE0120$2VAN08 912 $fN 912 $aVAN0274597 950 $aBIBLIOTECA DEL DIPARTIMENTO DI MATEMATICA E FISICA$d08CONS e-book 8161 $e08eMF8161 20240412 996 $aBig Data and Social Media Analytics$91946039 997 $aUNICAMPANIA